Využitie ILS v kyberpoistení

Ak príde ku kybernetickému útoku, poistenie kybernetických rizík môže zohrať významnú úlohu. Ide o kombináciu majetkového a zodpovednostného poistenia. Jednou z možností krytia škôd po kybernetických útokoch sú nástroje ILS, ktorých výhody v súvislosti s kybernetickým poistením vysvetľuje tento člán...

Descripción completa

Guardado en:
Detalles Bibliográficos
Autor principal: Závodný, Michal, 1998-
Formato: Capítulo de libro
Lenguaje:eslovaco
Materias:
Etiquetas: Agregar Etiqueta
Sin Etiquetas, Sea el primero en etiquetar este registro!

MARC

LEADER 00000naa$a2200000$$$4500
001 0289186
005 20240502074428.9
041 0 |a slo 
044 |a SK 
245 1 0 |a Využitie ILS v kyberpoistení  |c Michal Závodný 
520 |a Ak príde ku kybernetickému útoku, poistenie kybernetických rizík môže zohrať významnú úlohu. Ide o kombináciu majetkového a zodpovednostného poistenia. Jednou z možností krytia škôd po kybernetických útokoch sú nástroje ILS, ktorých výhody v súvislosti s kybernetickým poistením vysvetľuje tento článok. 
610 2 0 |a riziko 
610 2 0 |a prostredie virtuálne 
610 2 0 |a poistenie 
610 2 0 |a poistenie rizikové 
610 2 0 |a sekuritizácia 
100 1 |a Závodný, Michal, 1998-